Urtain (Record no. 116514)

MARC details
000 -LEADER
campo de control de longitud fija 00556nam a2200169 4500
001 - NÚMERO DE CONTROL
campo de control 116514
003 - IDENTIFICADOR DE NÚMERO DE CONTROL
campo de control ES-MaACL
005 - FECHA Y HORA DE LA ÚLTIMA TRANSACCIÓN
campo de control 20230906190723.0
007 - CAMPO FIJO DE DESCRIPCIÓN FÍSICA--INFORMACIÓN GENERAL
campo de control de longitud fija t|
008 - DATOS DE LONGITUD FIJA--INFORMACIÓN GENERAL
campo de control de longitud fija 061121s1970 sp r ||||1| spa d
100 1# - ENTRADA PRINCIPAL--NOMBRE DE PERSONA
Nombre de persona Otaño Zubiri, Alberto.
9 (RLIN) 87859
245 10 - MENCIÓN DEL TÍTULO
Título Urtain
Resto del título : el rey del K.O. /
Mención de responsabilidad, etc. por Alberto Otaño Zubiri ; apéndices grafológicos por Mauricio Xandró.
260 ## - PUBLICACIÓN, DISTRIBUCIÓN, ETC.
Lugar de publicación, distribución, etc. Bilbao :
Nombre del editor, distribuidor, etc. La Gran Enciclopedia Vasca,
Fecha de publicación, distribución, etc. 1970.
300 ## - DESCRIPCIÓN FÍSICA
Extensión 207 p., 8 lám. ;
Dimensiones 20 cm.
700 1# - ENTRADA AGREGADA--NOMBRE PERSONAL
Nombre de persona Xandró, Mauricio.
9 (RLIN) 117492
852 ## - LOCALIZACIÓN
Ubicación ES-MaACL
Número de control de estantería C-49051
Sublocalización o colección R.73850
Holdings
Estatus retirado Estado de pérdida Estado de daño No para préstamo Biblioteca de origen Biblioteca actual Ubicación en estantería Fecha de adquisición Fuente de adquisición Total de préstamos Signatura topográfica completa Código de barras Visto por última vez Precio de reemplazo Tipo de ítem Koha
        Biblioteca del Ateneo de Madrid Biblioteca del Ateneo de Madrid Depósito 2 17/01/2008     C-49051 1121496 23/02/2023 23/02/2023 Libro impreso